| 000 | 00564nam a2200169 i 4500 | ||
|---|---|---|---|
| 001 | 91090 | ||
| 003 | ES-MaACL | ||
| 005 | 20230906180633.0 | ||
| 007 | t| | ||
| 008 | 050127s1922 sp ||||1| spa d | ||
| 100 | 1 |
_aLeriche, René. _971771 |
|
| 245 | 1 | 0 |
_aTratamiento de las fracturas / _cpor el Dr. Leriche ; traducción del Dr. Rute ; prólogo y notas Laureano Olivares. |
| 260 |
_aCartagena : _b[s.n., _c1922] ( _fSoc. Levantina Art. Gráfs.) |
||
| 300 |
_aVII, 331 p. : _bil. ; _c22 cm. |
||
| 700 | 1 |
_aOlivares, Laureano. _986768 |
|
| 852 |
_aES-MaACL _jB-11426 |
||
| 999 |
_c91090 _d91090 |
||